| 000 | 00559nam a2200169 a 4500 | ||
|---|---|---|---|
| 005 | 20240924065903.0 | ||
| 008 | 991125s1976 mx 000 0 spa u | ||
| 035 | _aUPN01000007400 | ||
| 049 | _aCG | ||
| 050 | 4 |
_aLE7 M6 _bI5.2 1975 |
|
| 110 | 2 | _aInstituto Politécnico Nacional (México) | |
| 245 | 0 | 0 |
_aCentro de Investigación y de Estudios Avanzados del Instituto Politécnico Nacional 1974-1975 / _cInstituto Politécnico Nacional. |
| 260 |
_aMéxico : _bIPN, _c1976. |
||
| 300 | _a179 p. | ||
| 650 | 4 |
_aEnseñanza técnica _zMéxico _97386 |
|
| 905 | _aLibro | ||
| 999 |
_c7400 _d7400 |
||